| 000 | 02285nam a2200301 i 4500 | ||
|---|---|---|---|
| 003 | EG-GICUC | ||
| 005 | 20260429121028.0 | ||
| 008 | 260429s1928 fr |||fr|||| 00| 0 fre d | ||
| 040 |
_aEG-GiCUC _bfre _cEG-GiCUC _dEG-GiCUC _eRda |
||
| 041 | _afre | ||
| 082 | 0 | 4 |
_221 _a343.044 _bLO . L |
| 092 | 0 | 4 | _221 |
| 099 | _aLaw1 10 343.044 LO . L 1828 | ||
| 100 | 1 |
_aLocré, M. Le Baron _eAuteur |
|
| 245 | 1 | 3 |
_aLa Législation Civile, Commerciale Et Criminelle De La France, Ou Commentaire Et Complément Des Codes Francais. _nTome Douzieme / _cPar M. Le Baron Locré. |
| 264 | 1 |
_aParis : _bTreuttel Et Würtz, Libraires, _c1828. |
|
| 300 |
_a600 page ; _c 24 cm. |
||
| 336 |
_2rda contenu _a texte |
||
| 337 |
_2rda medias _aOrdinateur |
||
| 338 |
_2 transporteur rda _a Ressource en ligne |
||
| 500 | _aLe Commervaike, De Is Conférence Aree Le Texte Des Codes, Et, Entre Eux, Les Procès-verbanx, En Partie Inédits, Du Conseil D'état Qui Contiennent Is Disensaiom Du Cons Cavn, Des Procès-verbans, Entirement Indir, De La Discussion Du Соня Из Соммаков, Da Cook Na Prociousa, Do Cons P'struction Categ Med Et De Cost Peraz, Des Observations, Également Inédites, De La Sестіле De Légulation Du Tribunat Sur Les Projets Des Trois Premiers Codes, Et De Celles Des Commissions Du Corps Législatif Sur Les Deux Dernices, Enfio, Des Expé De Motifs, Rapports Et Discours Falts On Prononcés, Tant Dans L'assemblé Gindeale Du Tribunst, Que Devant Le Corpe Législatif, Le Conzlemery, Des Lois Antérieures Auxquelles Les Codes Se Référent; Des Lois Ponérieures Qui Les Étendent, Les Modifient, Des Discussions Dont Ces Lois Sout Je Résultat, Des Ordonnances, Décrets, Axis Da Conseil, Et Autres Actes Du Pouvoir Exécutif Et Réglémentaire Destinés À En Procurer L'exécution. Le Tout Précédé De Protécontus, On L'on Expose, Dans Une Première Partie, Le Mode De Porter La LOI Qui Était En Usage Lors De La Confection Des Codes, Ed Quels Travaux Préparatoires Il A Produitas Où, Dans Uns Seconde, On Trace Histoire Générale De Chaque Code | ||
| 546 | _aTexte en français | ||
| 650 | 1 | 4 |
_aDroit Pénal _2qrmak |
| 651 | 1 | _2qrmak | |
| 856 | 4 | 0 | _uhttps://fll.law.cu.edu.eg/fulltext/bks/B10-11629.pdf |
| 905 | _a161 | ||
| 942 |
_2ddc _cBK _e21 _n0 |
||
| 999 |
_c74162 _d74162 |
||